• 首页
  • 本馆介绍
  • 公告通知
  • 最新文献
  • 馆藏检索
  • 电子资源
  • 读者导购
  • 参考咨询
  • 我的图书馆
  • 登录
  • 详细信息显示
  • 放入我的书架
  • 预约/预借图书
  • 作者相关作品
  • 分类相关作品
  • 丛书相关作品
  • 出版社相关作品

书目信息

  • 表格格式
  • 工作单格式
  • 卡片格式
题名:
世界名作家艺术个性研究
    
 
作者: 朱红素 著
分册:  
出版信息: 北京   新华出版社  1998
页数: 304页
开本: 20cm
丛书名:
单 册:
中图分类: C04
科图分类:
主题词: 文学创作--个性--研究
电子资源:
ISBN: 7-5011-3971-7
000 00562nam0 2200193 450
001 0731693803
005 20070707153957.64
010    @a7-5011-3971-7@dCNY16.80
100    @a20070706d1998 km y0chiy0120 ea
101 0  @achi
102    @aCN@b110000
200 1  @a世界名作家艺术个性研究@Ashi jie ming zuo jia yi shu ge xing yan jiu@f朱红素著@Fzhu hong su zhu
210    @a北京@c新华出版社@d1998
215    @a304页@d20cm
606 0  @a文学创作@x个性@x研究
690    @aC04@v3
701  0 @a朱红素@Azhu hong su@4著
801  0 @aCN@bPFT@c20070707
905    @a10447@dC04@e28
    
    世界名作家艺术个性研究/朱红素著.-北京:新华出版社,1998
    304页;20cm
    
    
    ISBN 7-5011-3971-7:CNY16.80
    
●
相关链接 在E读中查询图书 在五车中查询图书 在当当中查询图书 在豆瓣中查询图书


正题名:世界名作家艺术个性研究     索取号:C04/28         预约/预借

序号 登录号 条形码 馆藏地/架位号 状态 备注
1 0766906   207669067   第一样本阅览室/ [索取号:C04/28] 在馆    
唐山师范学院图书馆 欢迎您!
大连网信软件有限公司© 版权所有